| 000 | 00746nam a2200241Ia 4500 | ||
|---|---|---|---|
| 003 | OSt | ||
| 005 | 20230516095630.0 | ||
| 008 | 210423s2014 xx 000 0 und d | ||
| 020 | _a978-0-19-563362-7 | ||
| 040 | _cAL | ||
| 041 | _aeng | ||
| 082 | _a954 SUBA | ||
| 100 |
_aGUHA (Ranajit) Ed _9104674 |
||
| 245 |
_aSubaltern studies Vol 7: writing on South Asian history and society _cCHATTERJEE (Partha);PANDEY (Gyanendra) |
||
| 260 |
_aNew Delhi _bOxford University Press _c2014 |
||
| 300 |
_aviii,272 _bPB |
||
| 365 |
_b295 _cINR |
||
| 440 | _v7 | ||
| 650 |
_aHistory of Asia _9104675 |
||
| 650 |
_aHistory of India _9104676 |
||
| 906 | _a7: ; Asian ; history ; society ; South ; studies ; Subaltern ; Vol ; writing | ||
| 942 |
_2ddc _cBK |
||
| 999 |
_c166280 _d166280 |
||